The Money List - ABBA Songs - Statistics

General Stats
  • This quiz has been taken 13 times
  • The average score is 13 of 29
Answer Stats
Answer % Correct
Dancing Queen
100%
Mamma Mia
85%
Money, Money, Money
77%
Waterloo
69%
Does Your Mother Know
62%
Fernando
62%
Gimme Gimme Gimme
62%
SOS
62%
Take a Chance on Me
62%
The Winner Takes It All
62%
Chiquitita
54%
Lay All Your Love on Me
54%
Super Trouper
54%
I Do, I Do, I Do, I Do, I Do
46%
Knowing Me, Knowing You
46%
One of Us
46%
Ring Ring
46%
Voulez-Vous
46%
I Have a Dream
38%
Don't Shut Me Down
31%
I Still Have Faith in You
31%
Thank You for the Music
31%
Summer Night City
23%
The Day Before You Came
23%
The Name of the Game
23%
Head over Heels
15%
Just a Notion
15%
Under Attack
15%
Little Things
8%
No matching quizzes found
Score Distribution
Percent of People with Each Score
Percentile by Number Answered
Your Score History
You have not taken this quiz